Tirsanku (Record no. 214832)

MARC details
000 -LEADER
fixed length control field 00651nam a2200217Ia 4500
003 - CONTROL NUMBER IDENTIFIER
control field OSt
005 - DATE AND TIME OF LATEST TRANSACTION
control field 20250925142933.0
008 - FIXED-LENGTH DATA ELEMENTS--GENERAL INFORMATION
fixed length control field 210719s1992 xx 000 0 und d
040 ## - CATALOGING SOURCE
Transcribing agency AL
041 ## - LANGUAGE CODE
Language code of text/sound track or separate title Tulu
082 ## - DEWEY DECIMAL CLASSIFICATION NUMBER
Classification number T894.2 MANT
100 ## - MAIN ENTRY--PERSONAL NAME
Personal name MANU (Idya)
Dates associated with a name ಮನು (ಇಡ್ಯಾ)
9 (RLIN) 240467
245 ## - TITLE STATEMENT
Title Tirsanku
Remainder of title ತಿರ್ಸಂಕು
260 ## - PUBLICATION, DISTRIBUTION, ETC.
Place of publication, distribution, etc. Suratkal
Name of publisher, distributor, etc. Singara Suratkal
Date of publication, distribution, etc. 1992
300 ## - PHYSICAL DESCRIPTION
Extent 53
Other physical details PB
365 ## - TRADE PRICE
Price amount 15
Currency code Rs
650 ## - SUBJECT ADDED ENTRY--TOPICAL TERM
Topical term or geographic name entry element ತುಳು ಪೊಸ ದೇಕಿದ ನಾಟಕ Tulu posa dekida nataka
9 (RLIN) 240468
650 ## - SUBJECT ADDED ENTRY--TOPICAL TERM
Topical term or geographic name entry element Tulu Drama
9 (RLIN) 240469
906 ## - LOCAL DATA ELEMENT F, LDF (RLIN)
a dekida ; nataka ; posa ; Tirsanku ; Tulu
942 ## - ADDED ENTRY ELEMENTS (KOHA)
Source of classification or shelving scheme Dewey Decimal Classification
Koha item type Book
Holdings
Withdrawn status Lost status Source of classification or shelving scheme Damaged status Not for loan Collection code Home library Current library Shelving location Date acquired Cost, normal purchase price Total Checkouts Full call number Barcode Date last seen Price effective from Koha item type Public note
    Dewey Decimal Classification     Tulu St Aloysius Library St Aloysius Library Secondary stack section 05/31/2008 15.00   T894.2 MANT D03447 07/19/2021 07/19/2021 Donated Books Donated by Dr Mahalinga Bhat